Statistics for Padeži

Click here to take the quiz!

General Stats

  • This quiz has been taken 24 times
  • The average score is 6 of 7

Answer Stats

PitanjePadež% Correct
Ko? Šta?Nominativ
100%
Koga? Šta?Akuzativ
88%
Kome? Čemu?Dativ
88%
Koga? Čega?Genitiv
88%
Hej!Vokativ
88%
S kim? S čim?Instrumental
69%
O kome? O čemu?Lokativ
69%

Score Distribution

Percentile by Number Answered

Percent of People with Each Score

Your Score History

You have not taken this quiz